[Event "Benidorm op U2000 18th"]
[Site "Benidorm"]
[Date "2019.12.06"]
[Round "9"]
[White "Yanev, Yordan"]
[Black "Martinez Peiro, Gabriel"]
[Result "1/2-1/2"]
[WhiteElo "1878"]
[BlackElo "1963"]
[PlyCount "140"]
[EventDate "2019.11.29"]
[EventType "swiss"]
[EventRounds "10"]
[EventCountry "ESP"]
[SourceTitle "EXT 2022"]
[Source "ChessBase"]
[SourceDate "2021.10.06"]
[SourceVersion "1"]
[SourceVersionDate "2021.10.06"]
[SourceQuality "1"]

1. e4 c5 2. Nf3 d6 3. Bb5+ Nd7 4. c3 a6 5. Ba4 e6 6. d4 b5 7. Bc2 Bb7 8. 0-0 Ngf6 9. Qe2 Be7 10. Bg5 0-0 11. Nbd2 cxd4 12. cxd4 Rc8 13. Bb3 e5 14. Rad1 Ng4 15. Be3 Nxe3 16. fxe3 Bf6 17. Rf2 Rc7 18. Qd3 Qa8 19. Bc2 Rfc8 20. Bb1 Rc1 21. Rff1 Rxd1 22. Rxd1 Rc7 23. Nf1 Qc8 24. Qd2 Nb6 25. b3 Rc3 26. dxe5 dxe5 27. Nxe5 g6 28. Qd6 Bxe5 29. Qxe5 Rc7 30. Rd6 Rc6 31. Rd4 Re6 32. Qg5 Kg7 33. h4 Qc1 34. Bd3 Rf6 35. h5 h6 36. Qe5 Qe1 37. Rd6 Qf2+ 38. Kh1 Qh4+ 39. Nh2 Qg5 40. Qd4 Nc8 41. Rxf6 Qxf6 42. hxg6 fxg6 43. Ng4 Qxd4 44. exd4 h5 45. Ne5 Nd6 46. d5 Kf6 47. Nd7+ Kg5 48. g3 Nf7 49. Kg2 Bc8 50. Nb6 Bg4 51. Kf2 Ne5 52. Ke3 Kf6 53. Be2 g5 54. a4 h4 55. gxh4 gxh4 56. Bxg4 Nxg4+ 57. Kf3 h3 58. Nd7+ Ke7 59. Nc5 bxa4 60. bxa4 a5 61. Nd3 h2 62. Kg2 Nf6 63. d6+ Kd7 64. e5 Nd5 65. Nc5+ Kc6 66. Kxh2 Nb6 67. Na6 Kd5 68. Nb8 Kxe5 69. d7 Nxd7 70. Nxd7+ Kd6 1/2-1/2

[Event "Benidorm op U2000 18th"]
[Site "Benidorm"]
[Date "2019.12.04"]
[Round "6"]
[White "Estevez Jacome, Jose Ramon"]
[Black "Yanev, Yordan"]
[Result "0-1"]
[WhiteElo "1981"]
[BlackElo "1878"]
[PlyCount "116"]
[EventDate "2019.11.29"]
[EventType "swiss"]
[EventRounds "10"]
[EventCountry "ESP"]
[SourceTitle "EXT 2022"]
[Source "ChessBase"]
[SourceDate "2021.10.06"]
[SourceVersion "1"]
[SourceVersionDate "2021.10.06"]
[SourceQuality "1"]

1. e4 Nf6 2. e5 Nd5 3. d4 d6 4. Nf3 g6 5. c4 Nb6 6. exd6 cxd6 7. Be2 Bg7 8. 0-0 0-0 9. Be3 Bg4 10. Nbd2 d5 11. c5 N6d7 12. h3 Bxf3 13. Nxf3 b6 14. b4 a5 15. a3 axb4 16. Qb3 bxc5 17. Qxd5 Rxa3 18. Rxa3 bxa3 19. dxc5 Qa5 20. Bc4 e6 21. Qd6 a2 22. Bxa2 Qxa2 23. c6 Nf6 24. c7 Nbd7 25. Qxf8+ Bxf8 26. c8Q Kg7 27. Rd1 Qa4 28. Rc1 Bd6 29. Qc6 Qb4 30. Rd1 Bb8 31. Bd4 Qb3 32. Re1 Qd5 33. Qxd5 exd5 34. Ne5 Kf8 35. f3 Bxe5 36. Bxe5 Ke7 37. Bf4+ Kd8 38. Bd6 Ng8 39. g4 Ndf6 40. Kf2 Kd7 41. Ba3 h5 42. g5 Ne8 43. Rb1 Nd6 44. Kg3 Ne7 45. Kf4 Ke6 46. Bxd6 Kxd6 47. Rb6+ Nc6 48. Rb7 Nd8 49. Ra7 Ne6+ 50. Ke3 Nxg5 51. h4 d4+ 52. Kf2 Ne6 53. Rxf7 Ke5 54. Rd7 Nf4 55. Ra7 Nd5 56. Ra5 d3 57. Ra4 Nc3 58. Rc4 d2 0-1